| 000 | 00897nas a2200301 4500 | ||
|---|---|---|---|
| 001 | BR0203485 | ||
| 003 | BR-BrBNA | ||
| 005 | 20231205103111.0 | ||
| 007 | ta | ||
| 008 | 230509b bl.|||p| |||| 00| 00por d | ||
| 040 |
_aBR-BrBNA _bpor _cBiblioteca Nacional de Agricultura |
||
| 041 | _a(En) | ||
| 072 | _aL73 | ||
| 100 | 1 | _aMartins, N.R.S. | |
| 100 | 1 | _aResende, J.S. | |
| 100 | 1 | _aJorge, M.A. | |
| 100 | 1 | _aMoreira, E.C. | |
| 100 | 1 | _aFernandes, A.A. | |
| 245 | 1 | _aFatal sarcosporidiosis in a passerine of species Gnorimopsar chopi chopi | |
| 650 | _aAVE ORNAMENTAL | ||
| 650 | _aCOCCIDIOSE | ||
| 650 | _aMÚSCULO | ||
| 650 | _aAUTÓPSIA | ||
| 650 | _aVETERINÁRIA | ||
| 773 | 0 |
_tArquivo Brasileiro de Medicina Veterinária e Zootecnia (Brazil) _xISSN 0102-0935 _g(Feb 2002), v. 54(1) p. 103-104 _wBR0203485 |
|
| 909 |
_a202311 _bLúcia _c55 _dLúcia Elande |
||
| 942 |
_2AGRIS _n0 _cANA |
||
| 999 |
_c171070 _d171070 |
||